| 000 | 00458nam a2200157Ia 4500 | ||
|---|---|---|---|
| 003 | SGT | ||
| 020 | _a817409-1734 | ||
| 082 |
_a621.31042 _bBIM |
||
| 100 | _aBimbhra,P.S | ||
| 245 | _aElectrical Machinery | ||
| 260 |
_bKhanna Books Publishing Co. Ltd. _aN. Delhi _c2011 |
||
| 300 | _a1040p. | ||
| 650 | _aELECTRICAL ENGINEERING | ||
| 653 | _aOVERVIEW OF ELECTRICAL MACHINERY, TRANSFORMERS, ELECTRO MECHANICAL ENERGY CONVERSION PRINCIPLES | ||
| 942 |
_2ddc _cBK |
||
| 999 |
_c5260 _d5260 |
||